000 00997cam a2200301 a 4500
005 20211110134219.0
008 170202s2004 ck fr 001 p spa d
015 _aSSN
020 _a9589609988
020 _a9789589609989
035 _a(Sirsi) a669053
040 _aCo-BoUCM
_bspa
_cSaul Niño (Modificó)
_dSaul Niño (Modificó)
041 0 _aspa
100 1 _aNieto de Arias, Gloria
_d1927-
_983804
245 1 3 _aLa huella de los libros
_cGloria Nieto de Arias
260 _aBogotá (Colombia)
_bFundación Santillana
_c2004
300 _a108 páginas
500 _aIncluye índice
650 7 _aPoesía colombiana
_921792
650 2 4 _aLiteratura colombiana
_918629
650 7 _aVida intelectual
_926232
_vPoesías
650 7 _aCultura
_912390
_vPoesías
650 7 _aLiteratos
_918593
690 0 _aLiteratura colombiana
_918629
710 2 _aAcademia Colombiana de la Lengua
_945181
942 _2DEWEY
_a18
_cLIBRO
_e1
_h861
_kC
_mN677h
999 _c43652
_d43652